Statistiques concernant Villes de la Région Pokémon de Unys sur la carte

Cliquez ici pour prendre le quiz!

Statistiques générales

  • Ce quiz a été pris 431 fois
    (411 depuis la dernière actualisation)
  • Le résultat moyen est 14 sur 19

Réponses sur la Carte

Les réponses sont colorées sur une échelle allant du rouge au vert en fonction du pourcentage des utilisateurs qui les ont devinées à leur premier essai. Vous pouvez retrouver ces pourcentages ci-dessous.
 

Statistiques - réponses

Réponse% Correct
Volucité
89%
Ligue Pokémon
86%
Renouet
85%
Port Yoneuve
82%
Flocombe
80%
Maillard
78%
Méanville
78%
Janusia
76%
Ogoesse
76%
Ondes-sur-Mer
70%
Ville Noire/Forêt Blanche
70%
Parsemille
69%
Pavonnay
69%
Arabelle
64%
Papeloa
64%
Vaguelone
64%
Entrelasque
59%
Amaillide
57%
Arpentières
54%

Distribution des résultats

Percentile par nombre de réponses

% des personnes avec chaque résultat

Votre développement - résultats

Vous n’avez pas pris ce quiz depuis la dernière actualisation